Human Skeletal System - Statistics

General Stats
  • This quiz has been taken 315 times
  • The average score is 34 of 82
Answer Stats
Picture Answer % Correct
Vertebral Column
91%
Coccyx
81%
Rib Cage
80%
Sternum
76%
Lumbar Vertebrae
72%
Skull
72%
Cervical Vertebrae
70%
Radius
70%
Thoracic Vertebrae
70%
Sacrum
68%
Ulna
67%
Femur
66%
Clavicle
64%
Humerus
64%
Patella
64%
Mandible
63%
Scapula
63%
Tibia
61%
Pelvic Girdle
60%
Frontal Bone
59%
Fibula
58%
Maxilla
54%
Nasal Bone
54%
Occipital Bone
52%
Upper Extremity
52%
Temporal Bone
51%
True Ribs
51%
False Ribs
50%
Parietal Bone
50%
Floating Ribs
49%
Hand
49%
Phalanges (Hand)
49%
Carpals
48%
Metacarpals
48%
Zygomatic Bone
46%
Calcaneus
44%
Pectoral Girdle
44%
Lower Extremity
43%
Metatarsals
42%
Hyoid Bone
40%
Phalanges (Foot)
40%
Foot
38%
Tarsals
38%
Palatine Bone
34%
Sphenoid Bone
34%
Body (Sternum)
33%
Ethmoid Bone
33%
Lacrimal Bone
33%
Thorax
32%
Viscerocranium
32%
Talus
31%
Manubrium (Sternum)
29%
Stapes (Stirrup)
29%
Distal Phalanges (Hand)
28%
Malleus (Hammer)
28%
Neurocranium
28%
Upper Arm
28%
Xiphoid Process (Sternum)
28%
Incus (Anvil)
27%
Inferior Nasal Concha
27%
Proximal Phalanges (Hand)
27%
Intermediate Phalanges (Hand)
26%
Distal Phalanges (Foot)
25%
Pelvic Bone
25%
Vomer
25%
Intermediate Phalanges (Foot)
24%
Lower Arm
24%
Proximal Phalanges (Foot)
24%
Scaphoid Bone
21%
Trapezium Bone
21%
Trapezoid Bone
21%
Navicular Bone
20%
Capitate Bone
19%
Cuboid Bone
19%
Hamate Bone
19%
Lunate Bone
19%
Middle Ear (Ear Ossicles)
19%
Pisiform Bone
19%
Triquetral Bone
19%
Intermediate Cuneiform Bone
15%
Lateral Cuneiform Bone
15%
Medial Cuneiform Bone
15%
No matching quizzes found
Score Distribution
Percent of People with Each Score
Percentile by Number Answered
Your Score History
You have not taken this quiz